[Event "Indywidualne Mistrzostwa Polski Juniorek - D16"]
[Site "Szczyrk"]
[Date "2013-03-20"]
[Round "5.1"]
[White "Kiolbasa, Oliwia"]
[Black "Harazinska, Ewa"]
[Result "1/2-1/2"]
[WhiteTitle "WFM"]
[BlackTitle "k"]
[WhiteElo "1897"]
[BlackElo "2019"]

1. d4 Nf6 2. c4 e6 3. Nf3 b6 4. Nc3 Bb4 5. Bg5 h6 6. Bh4 c5 7. e3 cxd4 8. exd4
O-O 9. Bd3 Be7 10. Bxf6 Bxf6 11. O-O Bb7 12. d5 Bxc3 13. bxc3 Qf6 14. Nd4 exd5
15. cxd5 Bxd5 16. c4 Bb7 17. Bc2 Na6 18. Rb1 Qg5 19. f3 g6 20. Kh1 Rad8 21. a4
d5 22. c5 Nxc5 23. f4 Qh4 24. f5 Ne4 25. Rb3 Nf2+ 26. Rxf2 Qxf2 27. Rf3 Qh4 28.
Rh3 Qf4 29. fxg6 fxg6 30. Rf3 Qe5 31. Rg3 g5 32. Nf3 Qf6 33. h4 Rf7 34. hxg5 hxg5
35. Nxg5 Qf1+ 36. Kh2 Qxd1 37. Ne6+ Kh8 38. Rh3+ Kg8 39. Rg3+ Kh8 40. Rh3+ Kg8
41. Rg3+ 1/2-1/2

[Event "Indywidualne Mistrzostwa Polski Juniorek - D16"]
[Site "Szczyrk"]
[Date "2013-03-20"]
[Round "5.2"]
[White "Bebnik, Malgorzata"]
[Black "Wozniak, Mariola"]
[Result "0-1"]
[WhiteTitle "II+"]
[BlackTitle "WCM"]
[WhiteElo "1503"]
[BlackElo "1982"]

1. d4 d5 2. Nf3 Nf6 3. Bf4 c5 4. c3 Nc6 5. e3 Qb6 6. Qc2 Bf5 7. dxc5 Bxc2 8. cxb6
axb6 9. Nbd2 Nd7 10. c4 dxc4 11. Bxc4 e6 12. O-O Be7 13. Rac1 Bg6 14. Bb5 Rxa2
15. Bxc6 bxc6 16. Rxc6 O-O 17. Bd6 Nb8 18. Rxb6 Bxd6 19. Rxd6 Rxb2 20. Rc1 Ra2
21. h3 Na6 22. Ne5 Nb4 23. Ndf3 Nd5 24. Rdc6 Rd8 25. Rc8 Ra8 26. Rxd8+ Rxd8 27.
Nxg6 hxg6 28. Ne5 Ra8 29. Kh2 g5 30. Rc6 f6 31. Nf3 Ra2 32. Kg3 e5 33. Rd6 Nc3
34. Kh2 Ne4 35. Rb6 Nxf2 36. Rb4 Re2 37. Kg1 Nd1 38. e4 Nc3 39. Kf1 Rxe4 40. Rxe4
Nxe4 41. Ke2 Kf7 42. Ke3 Nc5 43. g4 Ne6 44. Ke4 Nf4 45. h4 gxh4 46. Nxh4 Ne6 47.
Kf5 Ng5 48. Ng6 Ne4 49. Nxe5+ fxe5 50. Kxe4 Ke6 51. Kd3 Kd5 52. Ke3 e4 53. Kf4
Kd4 54. Kg5 e3 55. Kg6 Ke5 56. g5 Kf4 0-1

[Event "Indywidualne Mistrzostwa Polski Juniorek - D16"]
[Site "Szczyrk"]
[Date "2013-03-20"]
[Round "5.3"]
[White "Maruszczak, Joanna"]
[Black "Dadello, Aleksandra"]
[Result "1/2-1/2"]
[WhiteTitle "I++"]
[BlackTitle "I++"]
[WhiteElo "1803"]
[BlackElo "1909"]

1. e4 e5 2. Nf3 Nc6 3. Bb5 a6 4. Ba4 Nf6 5. O-O b5 6. Bb3 Bc5 7. d3 d6 8. c3 O-O
9. Nbd2 Be6 10. Bc2 Nd7 11. a4 Ba7 12. Kh1 Kh8 13. axb5 axb5 14. Bb3 Nc5 15. Bxe6
fxe6 16. Nb3 b4 17. Be3 Nxb3 18. Qxb3 Bxe3 19. fxe3 bxc3 20. bxc3 Rxa1 21. Rxa1
Qd7 22. h3 h6 23. Qa4 Nb8 24. Qb4 Nc6 25. Qa4 Nb8 26. Qb4 Nc6 27. Qa4 1/2-1/2

[Event "Indywidualne Mistrzostwa Polski Juniorek - D16"]
[Site "Szczyrk"]
[Date "2013-03-20"]
[Round "5.4"]
[White "Murawko, Katarzyna"]
[Black "Kopica, Paulina"]
[Result "1-0"]
[WhiteTitle "I++"]
[BlackTitle "I"]
[WhiteElo "1873"]
[BlackElo "1706"]

1. e4 e6 2. d4 d5 3. Nc3 Bb4 4. e5 c5 5. Bd2 Ne7 6. Nb5 Bxd2+ 7. Qxd2 O-O 8. f4
cxd4 9. Nf3 Nbc6 10. Nbxd4 b6 11. Bd3 Nxd4 12. Nxd4 f6 13. exf6 Rxf6 14. O-O-O
Qd6 15. g3 Bd7 16. Rhe1 Nc6 17. Nxc6 Qxc6 18. Re5 Be8 19. Qe2 Bg6 20. Bxg6 hxg6
21. Re1 Kf7 22. Kb1 Re8 23. Qd2 Rc8 24. c3 Rd8 25. Qe3 Re8 26. g4 Qc8 27. h4 Qc6
28. f5 gxf5 29. g5 f4 30. Qf3 Rf5 31. Qh5+ Kf8 32. Rxf5+ exf5 33. Qh8+ Kf7 34.
g6+ Kxg6 35. Rxe8 f3 36. h5+ Kg5 37. Qxg7+ Kf4 38. Qe5+ Kg4 39. Rg8+ Kh3 40. Qg3+
1-0

[Event "Indywidualne Mistrzostwa Polski Juniorek - D16"]
[Site "Szczyrk"]
[Date "2013-03-20"]
[Round "5.5"]
[White "Jedrocha, Katarzyna"]
[Black "Pastuszko, Kinga"]
[Result "1/2-1/2"]
[WhiteTitle "I"]
[BlackTitle "k"]
[WhiteElo "1668"]
[BlackElo "1917"]

1. e4 c5 2. c3 d5 3. exd5 Qxd5 4. d4 cxd4 5. cxd4 Nc6 6. Nf3 e6 7. Nc3 Bb4 8. Bd2
Bxc3 9. bxc3 Nge7 10. Bd3 Na5 11. Qe2 Qd8 12. O-O Ng6 13. Ne5 O-O 14. c4 Nc6 15.
Nxc6 bxc6 16. Be3 Qd6 17. Qc2 Rd8 18. Rfd1 Bb7 19. h4 f5 20. Bg5 Rd7 21. Qc1 c5
22. h5 Ne7 23. dxc5 Qxc5 24. Be2 Rad8 25. Qb2 Qc6 26. f3 Qc5+ 27. Kh1 h6 28. Bf4
Nc6 29. Rxd7 Rxd7 30. Rd1 Rxd1+ 31. Bxd1 Ba6 32. Be2 Qf2 33. Qa3 Qxe2 34. Qxa6
Qe1+ 35. Kh2 Qh4+ 36. Kg1 Qe1+ 37. Kh2 Qh4+ 38. Kg1 Nd4 39. Bc7 Qe1+ 40. Kh2 Qh4+
41. Kg1 Qe1+ 42. Kh2 f4 43. Bd8 Qg3+ 44. Kh1 Qe1+ 45. Kh2 Nf5 46. Qc6 Qg3+ 47.
Kh1 Qe1+ 48. Kh2 Qg3+ 49. Kh1 Qe1+ 50. Kh2 Qg3+ 51. Kh1 Qe1+ 52. Kh2 1/2-1/2

[Event "Indywidualne Mistrzostwa Polski Juniorek - D16"]
[Site "Szczyrk"]
[Date "2013-03-20"]
[Round "5.6"]
[White "Gora, Antonina"]
[Black "Wojna, Ewelina"]
[Result "0-1"]
[WhiteTitle "I++"]
[BlackTitle "II+"]
[WhiteElo "1831"]
[BlackElo "1572"]

1. d4 d5 2. c4 e6 3. cxd5 exd5 4. Nf3 Nf6 5. Bg5 Be7 6. Qc2 Nbd7 7. e3 h6 8. Bh4
O-O 9. Nc3 c6 10. Bd3 Re8 11. O-O Ne4 12. Bxe4 Bxh4 13. Bh7+ Kh8 14. Bd3 Be7 15.
e4 dxe4 16. Nxe4 Nf6 17. Ng3 Be6 18. Nf5 Nd5 19. Qd2 Bxf5 20. Bxf5 Bb4 21. Qd1
Qf6 22. Bc2 Nf4 23. a3 Ba5 24. Kh1 Rad8 25. g3 Ng6 26. Qd3 Rd5 27. Ne5 Red8 28.
Nxg6+ fxg6 29. Qxg6 Qxg6 30. Bxg6 Rxd4 31. b4 R4d6 32. Be4 Re8 33. Rae1 Rde6 34.
f3 Bb6 35. h4 g5 36. hxg5 hxg5 37. Kg2 Kg7 38. Rh1 R8e7 39. Rh7+ Kg8 40. Rh5 Re5
41. Reh1 Kf7 42. Rh8 Ke6 43. R1h6+ Kd7 44. Rb8 Kc7 45. Rhh8 Be3 46. Rhc8+ Kd7
47. g4 Bf4 48. Rh8 Kc7 49. a4 Kb6 50. Rbg8 Bd2 51. Rh5 Bf4 52. Rf8 Bd2 53. Rf5
a6 54. Rh6 Bxb4 55. Rff6 Ka5 56. Rh1 Kxa4 57. Ra1+ Kb5 58. Bd3+ Kb6 59. Rb1 a5
60. Rg6 R7e6 61. Rg8 c5 62. Bf5 Re1 63. Rxe1 Rxe1 64. Rxg5 a4 65. Rg6+ Ka5 66.
Rg7 Ka6 67. Bc8 a3 68. Bxb7+ Kb6 69. Bd5 a2 70. Bxa2 Re2+ 71. Kh3 Rxa2 72. f4
Rf2 73. Kg3 Rf1 74. f5 Bd2 75. Rh7 Kb5 76. f6 c4 77. Kg2 Rf4 78. f7 Kb4 0-1

[Event "Indywidualne Mistrzostwa Polski Juniorek - D16"]
[Site "Szczyrk"]
[Date "2013-03-20"]
[Round "5.7"]
[White "Lascar, Radoslawa"]
[Black "Kozaczynska, Aleksandra"]
[Result "0-1"]
[WhiteTitle "I"]
[BlackTitle "I"]
[WhiteElo "1728"]
[BlackElo "1552"]

1. e4 c5 2. Nf3 d6 3. d4 cxd4 4. Nxd4 Nf6 5. Nc3 g6 6. Be3 Bg7 7. f3 a6 8. Qd2
b5 9. g4 Bb7 10. O-O-O Nc6 11. h4 h5 12. gxh5 Nxh5 13. Bg2 Ne5 14. b3 Rc8 15.
Nd5 Nf6 16. Nxf6+ Bxf6 17. Bg5 Bg7 18. h5 gxh5 19. Nf5 Bf8 20. Rh3 Qc7 21. f4
Ng6 22. Bf3 Qc3 23. Qxc3 Rxc3 24. Nxd6+ exd6 25. Bf6 Rxf3 26. Rxf3 Rh7 27. Rf2
Be7 28. e5 Bxf6 29. exf6 Kd7 30. f5 Ne5 31. Rfd2 d5 32. Re2 Ng4 33. c4 Nxf6 34.
cxd5 Bxd5 35. Rd4 Kd6 36. Kd2 Rg7 37. Kc3 Rg5 38. Rf4 Be4 39. Kd4 Bc6 40. Ref2
Rg1 41. Rd2 Rh1 42. a4 h4 43. axb5 axb5 44. Kc3+ Ke5 0-1

[Event "Indywidualne Mistrzostwa Polski Juniorek - D16"]
[Site "Szczyrk"]
[Date "2013-03-20"]
[Round "5.8"]
[White "Szablicka, Magda"]
[Black "Rudnik, Anna"]
[Result "0-1"]
[WhiteTitle "II"]
[BlackTitle "I"]
[WhiteElo "1451"]
[BlackElo "1593"]

1. e4 e5 2. Nf3 Nc6 3. Nc3 Nf6 4. Bc4 Bc5 5. d3 h6 6. O-O d6 7. h3 Be6 8. Bb3 Qd7
9. Bxe6 fxe6 10. Be3 Bb6 11. d4 exd4 12. Nxd4 O-O-O 13. Nf3 g5 14. Bxb6 axb6 15.
Nh2 h5 16. Qd2 Rdg8 17. f4 gxf4 18. Rxf4 Nh7 19. Raf1 Ng5 20. h4 Nh3+ 21. Kh1
Nxf4 22. Rxf4 Ne5 23. Qe2 Ng6 24. Rf2 Nxh4 25. a4 Qg7 26. Qd2 Rf8 27. Qe1 Rxf2
28. Qxf2 Rg8 29. g4 Qg5 30. gxh5 Qxh5 31. Qf6 Qg6 32. Qxg6 Rxg6 33. Ne2 Kd7 34.
Nf4 Rf6 0-1

[Event "Indywidualne Mistrzostwa Polski Juniorek - D16"]
[Site "Szczyrk"]
[Date "2013-03-20"]
[Round "5.9"]
[White "Burdzy, Joanna"]
[Black "Czaplewska, Klara"]
[Result "0-1"]
[WhiteTitle "I"]
[BlackTitle "I++"]
[WhiteElo "1529"]
[BlackElo "1730"]

1. e4 e5 2. Nf3 Nc6 3. Bc4 Bc5 4. c3 Nf6 5. d3 d6 6. Bb3 Be6 7. Bxe6 fxe6 8. Qb3
Qc8 9. O-O O-O 10. Be3 Bb6 11. Nbd2 d5 12. Bg5 Qd7 13. Rae1 Rae8 14. Re2 Qd6 15.
Rfe1 Nh5 16. c4 h6 17. exd5 Na5 18. Qc3 exd5 19. b4 d4 20. Qb2 hxg5 21. bxa5 Bxa5
22. Rxe5 Rxe5 23. Nxe5 Bc3 24. Qc1 Qb4 25. Rd1 Nf4 26. Qc2 Re8 27. Ndf3 g4 28.
Nxg4 Re2 29. Qb3 Qxb3 30. axb3 Rb2 31. g3 Ne6 32. Nge5 Rxb3 33. Nd2 Bxd2 34. Rxd2
Nc5 35. Kf1 a5 36. Ke2 a4 37. Kd1 a3 38. Kc1 Rc3+ 39. Kb1 Nb3 40. Rd1 Nc5 41.
f4 Na6 42. Rc1 Nb4 43. Rd1 Rb3+ 44. Kc1 a2 45. Kd2 Rb1 0-1

[Event "Indywidualne Mistrzostwa Polski Juniorek - D16"]
[Site "Szczyrk"]
[Date "2013-03-20"]
[Round "5.10"]
[White "Jaskiewicz, Kamila"]
[Black "Sokolowska, Anna"]
[Result "0-1"]
[WhiteTitle "I"]
[BlackTitle "I"]
[WhiteElo "1663"]
[BlackElo "1526"]

1. Nf3 Nf6 2. c4 g6 3. g3 Bg7 4. Bg2 O-O 5. O-O c6 6. Nc3 d5 7. cxd5 cxd5 8. d4
Nc6 9. Ne5 Bf5 10. a3 Ne4 11. Nxc6 bxc6 12. Nxe4 Bxe4 13. Bxe4 dxe4 14. e3 e5
15. Qc2 exd4 16. exd4 Qxd4 17. Rd1 Qe5 18. Qxc6 Rfd8 19. Qa4 Qe7 20. Rb1 Rxd1+
21. Qxd1 Rd8 22. Qc2 Bd4 23. Qe2 Qf6 24. Kg2 Qf5 25. Ra1 Bb6 26. Be3 Bxe3 27.
Qxe3 Rd3 28. Qe2 Qd5 29. Kg1 Qd4 30. Rb1 Rd2 31. Qe3 Qxe3 32. fxe3 Re2 33. b4
Rxe3 34. a4 Ra3 35. a5 Ra4 36. Kf2 f5 37. Rb3 h6 38. Rc3 Rxb4 39. Rc8+ Kf7 40.
Rc7+ Kf6 41. Rxa7 Kg5 42. h3 Ra4 43. Ra8 h5 44. a6 h4 45. gxh4+ Kxh4 46. a7 Kg5
47. Ke3 Ra3+ 48. Ke2 Kf4 49. h4 Ra2+ 50. Ke1 e3 51. Rg8 Rxa7 52. Rxg6 Kf3 53.
Rd6 0-1

[Event "Indywidualne Mistrzostwa Polski Juniorek - D16"]
[Site "Szczyrk"]
[Date "2013-03-20"]
[Round "5.11"]
[White "Wilk, Oktawia"]
[Black "Burakowska, Gabriela"]
[Result "1/2-1/2"]
[WhiteTitle "I"]
[BlackTitle "I"]
[WhiteElo "1506"]
[BlackElo "1648"]

1. e4 c5 2. Nf3 e6 3. d4 cxd4 4. Nxd4 a6 5. c4 Qc7 6. Nc3 Nf6 7. Be2 Nc6 8. Be3
Bb4 9. f3 d5 10. exd5 exd5 11. Qb3 Qe7 12. Nxc6 bxc6 13. Kf2 Bc5 14. Na4 Bxe3+
15. Qxe3 Be6 16. b3 O-O 17. Rhe1 Qc7 18. g3 Rfe8 19. Qc5 Nd7 20. Qb4 c5 21. Qc3
d4 22. Qc2 Ne5 23. Nb2 g6 24. Nd3 Bf5 25. Qd2 Qc6 26. Nxe5 Rxe5 27. Bd3 Rae8 28.
Bxf5 Rxf5 29. Rxe8+ Qxe8 30. Re1 Re5 31. Rxe5 Qxe5 32. Qd3 f5 33. Qe2 Qd6 34.
Qd3 Kf7 35. Ke2 Qe5+ 36. Kd2 f4 37. Qe2 Qe3+ 38. Qxe3 fxe3+ 39. Kd3 Ke6 40. h3
Kf5 41. Ke2 h5 42. h4 g5 43. hxg5 Kxg5 44. b4 h4 45. gxh4+ Kf4 46. bxc5 d3+ 47.
Kxd3 Kxf3 48. c6 e2 49. c7 e1=Q 50. c8=Q Qd1+ 51. Kc3 Qa1+ 1/2-1/2

[Event "Indywidualne Mistrzostwa Polski Juniorek - D16"]
[Site "Szczyrk"]
[Date "2013-03-20"]
[Round "5.12"]
[White "Rogacka, Natalia"]
[Black "Binkowska, Agata"]
[Result "1/2-1/2"]
[WhiteTitle "II+"]
[BlackTitle "I"]
[WhiteElo "1484"]
[BlackElo "1637"]

1. e4 e6 2. d4 d5 3. Nc3 Nf6 4. Bg5 Be7 5. e5 Nfd7 6. h4 a6 7. Nf3 c5 8. Bxe7 Qxe7
9. Ne2 cxd4 10. Qxd4 Nc6 11. Qc3 Nc5 12. Ned4 Bd7 13. a3 Rc8 14. Qe3 Nxd4 15.
Nxd4 Na4 16. Rb1 Qc5 17. Bd3 Nxb2 18. O-O Nxd3 19. cxd3 b5 20. Ra1 Qe7 21. g3
O-O 22. Qd2 f6 23. Nf3 Be8 24. d4 Bh5 25. Nh2 Rc4 26. Rfe1 Bg6 27. Qe3 Rc2 28.
Rac1 fxe5 29. Rxc2 exd4 30. Qd2 Bxc2 31. Qxc2 Qxa3 32. Rxe6 d3 33. Qd2 b4 34.
Nf1 d4 35. Rb6 a5 36. Kg2 Qc3 37. Qa2+ Kh8 38. Qf7 Qc8 39. Qb3 Qf5 40. Qb2 Qc5
41. Ra6 a4 42. Kg1 a3 43. Qb3 Qc2 44. Qf7 Qc8 45. Qa7 Qc4 46. Rd6 a2 47. Rxd4
1/2-1/2

[Event "Indywidualne Mistrzostwa Polski Juniorek - D16"]
[Site "Szczyrk"]
[Date "2013-03-20"]
[Round "5.13"]
[White "Kasperek, Kinga"]
[Black "Wicikowska, Agata"]
[Result "1/2-1/2"]
[WhiteTitle "I"]
[BlackTitle "I"]
[WhiteElo "1558"]
[BlackElo "1495"]

1. c4 e5 2. Nc3 d6 3. g3 f5 4. Bg2 Nf6 5. d3 Be7 6. Bd2 c6 7. Nf3 Be6 8. O-O O-O
9. Rb1 Nbd7 10. Ng5 Bf7 11. b4 h6 12. Nxf7 Rxf7 13. b5 Qc7 14. bxc6 bxc6 15. Qa4
Rc8 16. Rb2 Rff8 17. Rfb1 Nc5 18. Qc2 Qd7 19. Na4 Ne6 20. Rb7 Rc7 21. Qb2 Rfc8
22. Ba5 Rxb7 23. Qxb7 Nd8 24. Qxd7 Nxd7 25. Bxd8 Bxd8 26. Rb7 Rc7 27. Rxc7 Bxc7
28. Bxc6 Nb6 29. Nc3 Kf7 30. a4 a5 31. Kf1 g5 32. e3 Kg6 33. Ke2 Bb8 34. Nd5 Nxd5
35. Bxd5 Ba7 36. h3 Bc5 37. Bc6 g4 38. hxg4 fxg4 39. Be8+ Kg5 40. Bc6 Bb6 41.
Bd5 Kf5 42. Be4+ Kg5 1/2-1/2

[Event "Indywidualne Mistrzostwa Polski Juniorek - D16"]
[Site "Szczyrk"]
[Date "2013-03-20"]
[Round "5.14"]
[White "Lapa, Aleksandra"]
[Black "Skrzypczak, Edyta"]
[Result "0-1"]
[WhiteTitle "I"]
[BlackTitle "II+"]
[WhiteElo "1549"]
[BlackElo "1526"]

1. c4 e6 2. Nc3 f5 3. g3 Nf6 4. Bg2 c6 5. d3 d5 6. cxd5 exd5 7. Bd2 Bd6 8. Nf3
O-O 9. O-O Nbd7 10. a3 Qe8 11. b4 Qh5 12. b5 Ng4 13. h3 Nge5 14. Nd4 Nb8 15. Qb3
Kh8 16. bxc6 Nbxc6 17. Qxd5 Nxd4 18. Qxd4 Qg6 19. Bf4 Qf6 20. Kh1 Rd8 21. Nb5
Bb8 22. Qc3 Qe7 23. Rfc1 Nc6 24. Bxb8 Rxb8 25. Qb2 a6 26. Nc3 Be6 27. Rab1 f4
28. Na4 fxg3 29. fxg3 Qd6 30. Kh2 h5 31. h4 Ne5 32. Be4 Ng4+ 33. Kg2 Rf8 34. Bf3
Ne5 35. Be4 Bd5 36. Qd4 Ng4 37. Rf1 Bxe4+ 38. Qxe4 Rfe8 39. Qf3 Ne3+ 40. Kg1 Nxf1
41. Rxf1 Qg6 42. Nc5 Qh6 43. e4 Rbc8 44. d4 Rf8 45. Qe2 Rxf1+ 46. Qxf1 Qd6 47.
Qf2 Rf8 48. Qe3 Qf6 49. Nd3 Qf1+ 50. Kh2 Rf3 51. Qg5 Qe2+ 52. Kh3 Rf1 0-1

[Event "Indywidualne Mistrzostwa Polski Juniorek - D16"]
[Site "Szczyrk"]
[Date "2013-03-20"]
[Round "5.15"]
[White "Prokopowicz, Anna"]
[Black "Ziemba, Magdalena"]
[Result "0-1"]
[WhiteTitle "I"]
[BlackTitle "I"]
[WhiteElo "1347"]
[BlackElo "1537"]

1. e4 e6 2. d4 d5 3. Nc3 Bb4 4. e5 Ne7 5. a3 Bxc3+ 6. bxc3 c5 7. Nf3 Qc7 8. a4
Bd7 9. Ba3 cxd4 10. Qxd4 Nbc6 11. Qe3 Nf5 12. Qf4 Ncd4 13. Qd2 Nxf3+ 14. gxf3
Qxe5+ 15. Be2 Nh4 16. Kd1 Qf6 17. Qe3 Ng6 18. Bd6 Ne7 19. Be5 Qg6 20. Bd3 f5 21.
Rb1 b6 22. Kd2 Qf7 23. c4 dxc4 24. Bxc4 O-O 25. Rhg1 Ng6 26. Bc3 Rfd8 27. Kc1
Rac8 28. Bb3 Rc6 29. h4 Rdc8 30. Bb2 h5 31. Qg5 Be8 32. Qxh5 Rxc2+ 33. Bxc2 Qc7
34. Bc3 Qxc3 35. Rb2 Nf4 0-1

[Event "Indywidualne Mistrzostwa Polski Juniorek - D16"]
[Site "Szczyrk"]
[Date "2013-03-20"]
[Round "5.16"]
[White "Fraczek, Weronika"]
[Black "Rudol, Matylda"]
[Result "1-0"]
[WhiteTitle "II+"]
[BlackTitle "II+"]
[WhiteElo "1435"]
[BlackElo "1510"]

1. e4 d5 2. exd5 Qxd5 3. Nc3 Qa5 4. d4 Nf6 5. Bd3 Bf5 6. Nge2 e6 7. a3 Bxd3 8.
Qxd3 c6 9. Bd2 Qc7 10. O-O Bd6 11. h3 Nbd7 12. b4 O-O 13. f4 b6 14. Ng3 a6 15.
Nce4 Be7 16. c3 c5 17. dxc5 bxc5 18. Rac1 Rfd8 19. Qe2 cxb4 20. axb4 Qb7 21. Qf3
Qb5 22. Ne2 Rac8 23. Nd4 Qb8 24. Ra1 Nxe4 25. Qxe4 Nf6 26. Qe2 Nd5 27. Rf3 Bf6
28. Rd1 Qb6 29. Qe4 Nxb4 30. Be3 Nd5 31. Bf2 Nxc3 32. Rxc3 Rxc3 33. Rb1 Qc7 34.
Ne2 Rc4 35. Qf3 h6 36. Bb6 Qb8 37. Qb3 Rdc8 38. Qd3 Qa8 39. Bf2 R4c7 40. Qg3 Qe4
41. Re1 Qf5 42. Qf3 Be7 43. Bg3 a5 44. Ra1 Rc4 45. Kh2 a4 46. Qb7 R8c7 47. Qa8+
Rc8 48. Qa7 Bf6 49. Rxa4 Rxa4 50. Qxa4 Qd3 51. Ng1 Rc3 52. Nf3 Qe2 53. Ng1 Qd2
54. Nf3 Qd8 55. Be1 Rd3 56. Qb5 Rd5 57. Qa4 g6 58. Qe4 Kg7 59. h4 Qb8 60. Bg3
Qb5 61. Qe1 Qb3 62. Qf2 Ra5 63. Nd4 Qd1 64. Nc2 Ra2 65. Ne3 Qb1 66. Qg1 Qb2 67.
Nd1 Qd2 68. Qf2 Bd4 69. Qf3 Ra1 70. Nf2 Qe1 71. Kh3 Bxf2 72. Qxf2 Qh1+ 73. Bh2
Ra3+ 74. g3 Qd5 75. Qb2+ Kh7 76. Qxa3 Qf5+ 77. g4 Qb5 78. Qf3 Qb2 79. Bg1 Qc2
80. Bd4 1-0

[Event "Indywidualne Mistrzostwa Polski Juniorek - D16"]
[Site "Szczyrk"]
[Date "2013-03-20"]
[Round "5.17"]
[White "Mielczarek, Joanna"]
[Black "Leszczewska, Edyta"]
[Result "1-0"]
[WhiteTitle "I"]
[BlackTitle "II"]
[WhiteElo "1470"]
[BlackElo "1389"]

1. e4 e5 2. Nf3 Nc6 3. Bb5 Nf6 4. O-O Nxe4 5. Re1 Nd6 6. Bxc6 dxc6 7. Nxe5 Be6
8. Qf3 Be7 9. d3 O-O 10. Nc3 Nf5 11. Ne2 Bd6 12. Nc4 Qf6 13. Ne3 Qg6 14. Nxf5
Bxf5 15. Nf4 Qf6 16. Nh5 Qg6 17. Ng3 Rfe8 18. Qd1 Be6 19. Be3 Bd5 20. Qd2 f5 21.
Bf4 Qg4 22. Bxd6 cxd6 23. h3 Qg6 24. Qf4 Qf6 25. c3 Rf8 26. c4 g5 27. Qd2 Be6
28. Re2 f4 29. Ne4 Qe7 30. Nxg5 Qxg5 31. Rxe6 Rf6 32. Rxf6 Qxf6 33. f3 Qd4+ 34.
Kh2 Re8 35. Re1 Re3 36. Rxe3 fxe3 37. Qe2 d5 38. Kg1 Qc5 39. b3 d4 40. f4 Qf5
41. Qf3 Qxd3 42. Qg4+ Qg6 43. Qc8+ Kg7 44. Qd7+ Kh6 45. Qxd4 Qb1+ 46. Kh2 e2 47.
Qf6+ Qg6 48. Qe5 Qh5 49. Qe6+ Kg7 50. Kg3 a6 51. Qe7+ Kg6 52. Qe8+ Kh6 53. Qxh5+
Kxh5 54. Kf2 Kg6 55. Kxe2 Kf6 56. g4 1-0

[Event "Indywidualne Mistrzostwa Polski Juniorek - D16"]
[Site "Szczyrk"]
[Date "2013-03-20"]
[Round "5.18"]
[White "Ostrowska, Joanna"]
[Black "Rynkiewicz, Natalia"]
[Result "1/2-1/2"]
[WhiteTitle "II+"]
[BlackTitle "II"]
[WhiteElo "1541"]
[BlackElo "1357"]

1. e4 c5 2. Nc3 e6 3. f4 d5 4. exd5 exd5 5. Bb5+ Nc6 6. Qe2+ Be7 7. Nf3 Nf6 8.
Bxc6+ bxc6 9. Ne5 Qd6 10. d3 O-O 11. O-O Re8 12. Qf2 Nd7 13. Bd2 Bf6 14. Rae1
Re7 15. Nf3 Nb6 16. Kh1 Bd7 17. Ne5 Rae8 18. g4 g6 19. g5 Bg7 20. Nxd7 Nxd7 21.
Qh4 Rxe1 22. Bxe1 f5 23. Bd2 d4 24. Nd1 Re2 25. Rf2 Qd5+ 26. Kg1 Rxf2 27. Qxf2
Qxa2 28. Qe2 Kf7 29. h4 Qe6 30. Qxe6+ Kxe6 31. b3 Nb6 32. Nb2 Bf8 33. Kf2 Bd6
34. Kf3 Kd5 35. Be1 Bc7 36. Bd2 Bd6 37. Be1 Bf8 38. Bd2 Bd6 39. Be1 Be7 40. Bd2
Bd6 41. Be1 1/2-1/2

[Event "Indywidualne Mistrzostwa Polski Juniorek - D16"]
[Site "Szczyrk"]
[Date "2013-03-20"]
[Round "5.19"]
[White "Rylska, Kamila"]
[Black "Kotula, Magdalena"]
[Result "1/2-1/2"]
[WhiteTitle "II"]
[BlackTitle "I"]
[WhiteElo "1348"]
[BlackElo "1520"]

1. e4 c5 2. Nf3 Nc6 3. Bb5 g6 4. O-O Bg7 5. Re1 Nf6 6. c3 O-O 7. d4 cxd4 8. cxd4
d6 9. h3 h6 10. Nc3 e6 11. Be3 Ne7 12. Qb3 g5 13. Rad1 d5 14. e5 Nh7 15. Qc2 f5
16. Bd3 Rf7 17. Nb5 Nc6 18. a3 a6 19. Nd6 Rc7 20. Rc1 Bf8 21. Nxc8 Raxc8 22. Qb3
h5 23. Bd2 g4 24. hxg4 hxg4 25. Nh2 Nxd4 26. Qa4 Rxc1 27. Rxc1 Rxc1+ 28. Bxc1
Nc6 29. Bf4 Bg7 30. Qb3 Qe7 31. Qc3 d4 32. Qe1 Qc7 33. Bc4 Nf8 34. Nf1 Bxe5 35.
Bxe5 Qxe5 36. Qd2 Qf6 37. Ng3 Qg6 38. Ne2 Qf6 39. Nf4 Kh8 40. Qe2 e5 41. Nd3 e4
42. Nc5 Qe7 43. Nb3 f4 44. Qxg4 Qh7 45. Qxf4 Nd7 46. Nc5 Nce5 47. Nxd7 Nxc4 48.
Qf8+ Qg8 49. Qxg8+ Kxg8 50. Nf6+ Kg7 51. Nxe4 Nxb2 52. f4 b5 53. g4 Nc4 54. Nc5
a5 55. a4 bxa4 56. Nxa4 Kg6 57. Kf2 Nd6 58. Ke2 Ne4 1/2-1/2

[Event "Indywidualne Mistrzostwa Polski Juniorek - D16"]
[Site "Szczyrk"]
[Date "2013-03-20"]
[Round "5.20"]
[White "Jasiak, Katarzyna"]
[Black "Bebel, Agnieszka"]
[Result "0-1"]
[WhiteTitle "II"]
[BlackTitle "II+"]
[WhiteElo "1213"]
[BlackElo "1507"]

1. e4 e5 2. Nf3 Nc6 3. Bc4 Bc5 4. d3 Nf6 5. Bg5 d6 6. h3 h6 7. Bh4 Be6 8. Bb3 Qe7
9. Nc3 a6 10. Ne2 g5 11. Bg3 O-O-O 12. c3 Nh5 13. Bc2 f5 14. d4 fxe4 15. dxc5
exf3 16. gxf3 dxc5 17. Qc1 Rhf8 18. Qe3 Qf6 19. Be4 Bd5 20. O-O-O Nxg3 21. Nxg3
Bxe4 22. Nxe4 Rxd1+ 23. Rxd1 Qxf3 24. Qxc5 Rf4 25. Qd5 Rf7 26. Qe6+ Kb8 27. Qb3
Qf4+ 28. Rd2 Rd7 29. Qc2 Rxd2 30. Nxd2 Qxf2 31. Qd1 Qf6 32. Qg4 Ne7 33. Ne4 Qf4+
34. Qxf4 exf4 35. Nf2 Kc8 36. Kd2 Kd8 37. Ng4 Nf5 38. Ke2 Ke7 39. Kf3 c5 40. Ke4
Ke6 41. Nf2 Nd6+ 42. Kf3 Kf5 43. Nd3 b6 44. b3 Nb5 45. c4 Nd4+ 46. Kg2 h5 47.
Kf2 g4 48. hxg4+ hxg4 49. Ne1 g3+ 50. Kg2 Kg4 0-1

[Event "Indywidualne Mistrzostwa Polski Juniorek - D16"]
[Site "Szczyrk"]
[Date "2013-03-20"]
[Round "5.22"]
[White "Rolka, Anna"]
[Black "Kowacz, Agnieszka"]
[Result "1-0"]
[WhiteTitle "II"]
[BlackTitle "II"]
[WhiteElo "1491"]
[BlackElo "1378"]

1. d4 e6 2. Nf3 c5 3. e3 Nc6 4. b3 Nf6 5. Bb2 b6 6. a3 Bb7 7. Bd3 Be7 8. O-O Rc8
9. c4 cxd4 10. exd4 d5 11. Nbd2 a6 12. Rc1 h6 13. Re1 O-O 14. h3 dxc4 15. Nxc4
b5 16. Nce5 Nxe5 17. dxe5 Nd5 18. Rxc8 Qxc8 19. Be4 Rd8 20. Qb1 Qc7 21. Rc1 Qb8
22. Rd1 Bc5 23. b4 Bb6 24. Qa1 Rc8 25. Rc1 Nf4 26. Rxc8+ Qxc8 27. Bxb7 Qxb7 28.
Qd1 Qa7 29. Qd2 Bxf2+ 30. Kf1 Be3 31. Qd8+ Kh7 32. Bd4 Bxd4 33. Qxd4 Qxd4 34.
Nxd4 Kg8 35. Nc6 Nd5 36. Nb8 Nc7 37. Ke2 Kf8 38. Kd3 Ke8 39. Kd4 Kd8 40. Kc5 Kc8
41. Nc6 Kb7 42. Nd8+ Kc8 43. Nxf7 Kd7 44. Kb6 h5 45. g3 Kc8 46. Nd6+ Kd7 47. Ne4
Nd5+ 48. Kxa6 Kc6 49. Ka5 Nc7 50. Nc3 g5 51. Ne4 Kd5 52. Nd6 Kxe5 53. Nxb5 Nxb5
54. Kxb5 Kd4 55. Kc6 e5 56. b5 e4 57. b6 e3 58. b7 e2 59. b8=Q e1=Q 60. Qb4+ Qxb4
61. axb4 Ke3 62. g4 hxg4 63. hxg4 Kf4 64. b5 Kxg4 65. b6 Kf3 66. b7 g4 67. b8=Q
g3 68. Qb3+ Kf2 69. Qc2+ Kf3 70. Qf5+ Ke2 71. Qg4+ Kf2 72. Qf4+ Kg2 73. Kd5 Kh2
74. Ke4 Kh3 75. Kf3 1-0